| 000 | 00391nam a2200109Ia 4500 | ||
|---|---|---|---|
| 008 | 171204s9999 xx 000 0 und d | ||
| 245 | _aHeritage Tourism Destinations: Preservation, Communication and Development | ||
| 245 | _cAtila Yuksel, Frank M. Go, and Maria D. Alvarez | ||
| 260 | _c2016 | ||
| 650 | _xWorld Tourism with Geography | ||
| 856 | _uhttp://down.ebook777.com/047/1780646771.pdf | ||
| 999 |
_c346741 _d346741 |
||